Vista normal
Vista MARC
Entrada Materia (personas)
Número de registros utilizados en: 1
001 - CONTROL NUMBER
- control field: 72100
003 - CONTROL NUMBER IDENTIFIER
- control field: Co-BoUCM
005 - DATE AND TIME OF LATEST TRANSACTION
- control field: 20151007083337.0
008 - FIXED-LENGTH DATA ELEMENTS
- fixed length control field: 151007|| aca||aabn | a|a d
040 ## - CATALOGING SOURCE
- Original cataloging agency: Co-BoUCM
- Transcribing agency: Co-BoUCM
100 ## - HEADING--PERSONAL NAME
- Personal name: Westhoff, Frank
670 ## - SOURCE DATA FOUND
- Source citation: Work cat.: (Co-BoUCM)300918: Westhoff, Frank , An introduction to econometrics a self contained approach, 2013